Airlines by Country - Statistics

General Stats
  • This quiz has been taken 134,825 times
    116,027 since last reset
  • The average score is 14 of 24
Answer Stats
Airline Country % Correct
Lufthansa Germany
93%
Emirates United Arab Emirates
93%
Delta United States
86%
Qantas Australia
84%
Iberia Spain
81%
Ryanair Ireland
79%
KLM Netherlands
78%
Virgin Atlantic United Kingdom
78%
All Nippon Japan
75%
ITA Airways Italy
63%
Aegean Greece
61%
Cathay Pacific China
59%
Aeroflot Russia
57%
El Al Israel
54%
TAP Portugal
44%
WestJet Canada
41%
LOT Poland
41%
Gulf Air Bahrain
40%
Air Asia Malaysia
40%
Cebu Pacific Philippines
38%
LATAM Chile
33%
Gol Brazil
30%
Lion Air Indonesia
30%
Avianca Colombia
29%
No matching quizzes found
Score Distribution
Percent of People with Each Score
Percentile by Number Answered
Your Score History
You have not taken this quiz since the last reset